[Event "Murmansk ChessMates 4th"]
[Site "Murmansk"]
[Date "2020.03.13"]
[Round "1.2"]
[White "Putar, Lara"]
[Black "Zhuravlev, Aleksandr"]
[Result "0-1"]
[WhiteElo "1799"]
[BlackElo "2059"]
[PlyCount "100"]
[EventDate "2020.03.13"]
[EventType "team-tourn"]
[EventRounds "5"]
[EventCountry "RUS"]
[SourceTitle "CBM 195 Extra"]
[Source "ChessBase"]
[SourceDate "2020.05.31"]
[SourceVersion "1"]
[SourceVersionDate "2020.05.31"]
[SourceQuality "1"]
[WhiteTeam "Ireland Youth"]
[BlackTeam "Murmansk CF"]
[WhiteTeamCountry "IRL"]
[BlackTeamCountry "RUS"]

1. d4 Nf6 2. c4 e6 3. Nf3 c5 4. d5 exd5 5. cxd5 d6 6. Nc3 g6 7. e4 Bg7 8. Be2 0-0 9. 0-0 a6 10. a4 Re8 11. Nd2 Nbd7 12. Qc2 Rb8 13. f4 Qe7 14. Rb1 h6 15. Nc4 Nxe4 16. Nxe4 Qxe4 17. Qxe4 Rxe4 18. Bd3 Rd4 19. Be2 Rxd5 20. Be3 b5 21. Na5 Rb6 22. Bf3 Rd3 23. Rfe1 Rxe3 24. Rxe3 Bd4 25. Rbe1 bxa4 26. Kf1 Bxe3 27. Rxe3 Nf6 28. Nc4 Rb4 29. Nxd6 Be6 30. Nb7 Rxf4 31. Nxc5 Bc4+ 32. Ke1 Bb5 33. Rc3 Rb4 34. Rc2 Kg7 35. Bb7 a5 36. Ba6 Bxa6 37. Nxa6 Rb6 38. Nc5 Rc6 39. Kd2 Rxc5 40. Rxc5 Ne4+ 41. Kd3 Nxc5+ 42. Kc4 Ne6 43. Kb5 Nf4 44. Kxa4 Nd3 45. Kb3 Kf6 46. Kc3 Nxb2 47. Kxb2 Kf5 48. Ka3 Ke4 49. Ka4 Ke3 50. g4 Kf4 0-1

[Event "RUS Cup U15 final"]
[Site "Bryansk"]
[Date "2019.01.10"]
[Round "7"]
[White "Sabirov, Timur"]
[Black "Zhuravlev, Aleksandr"]
[Result "0-1"]
[WhiteElo "1948"]
[BlackElo "1860"]
[PlyCount "76"]
[EventDate "2019.01.04"]
[EventType "tourn"]
[EventRounds "7"]
[EventCountry "RUS"]
[SourceTitle "CBM 189 Extra"]
[Source "ChessBase"]
[SourceDate "2019.06.03"]
[SourceVersion "1"]
[SourceVersionDate "2019.06.03"]
[SourceQuality "1"]

1. Nf3 d5 2. g3 Nc6 3. c4 d4 4. d3 Nf6 5. Nbd2 e5 6. Bg2 Bd6 7. 0-0 0-0 8. e4 Bg4 9. h3 Bh5 10. Nb3 Nd7 11. g4 Bg6 12. Nxe5 Ncxe5 13. f4 f6 14. fxe5 Nxe5 15. Qe2 c5 16. Bf4 Qc7 17. Qd2 b6 18. Nc1 Rab8 19. a4 Bf7 20. Ne2 a6 21. Bxe5 Bxe5 22. b4 b5 23. cxb5 axb5 24. bxc5 b4 25. Rfc1 b3 26. Rab1 Rfc8 27. Qb2 Qa5 28. Kf1 Qxa4 29. Ra1 Qb5 30. c6 Rxc6 31. Rxc6 Qxc6 32. Rc1 Qa6 33. Rd1 Qa2 34. Rd2 Qxb2 35. Rxb2 Bd6 36. Nc1 Ba3 37. Rb1 Bxc1 38. Ke2 b2 0-1

[Event "RUS Cup U15 final"]
[Site "Bryansk"]
[Date "2019.01.04"]
[Round "1"]
[White "Zhuravlev, Aleksandr"]
[Black "Kazmin, Semen"]
[Result "1/2-1/2"]
[WhiteElo "1860"]
[BlackElo "1977"]
[PlyCount "98"]
[EventDate "2019.01.04"]
[EventType "tourn"]
[EventRounds "7"]
[EventCountry "RUS"]
[SourceTitle "CBM 189 Extra"]
[Source "ChessBase"]
[SourceDate "2019.06.03"]
[SourceVersion "1"]
[SourceVersionDate "2019.06.03"]
[SourceQuality "1"]

1. e4 d5 2. exd5 Qxd5 3. Nc3 Qd6 4. Bc4 a6 5. d3 Nf6 6. Nge2 e5 7. 0-0 Bg4 8. Be3 Nc6 9. f3 Be6 10. Bxe6 Qxe6 11. Ng3 0-0-0 12. Nge4 Nd5 13. Nxd5 Qxd5 14. f4 f5 15. Nc3 Qe6 16. fxe5 Nxe5 17. Bg5 Bc5+ 18. Kh1 Rd6 19. Bf4 g5 20. Bxe5 Qxe5 21. Qf3 Rf8 22. Rae1 Qf6 23. Nd5 Qf7 24. Qxf5+ Qxf5 25. Rxf5 Rxf5 26. Ne7+ Kd7 27. Nxf5 Rb6 28. b3 h5 29. Rf1 h4 30. d4 Bb4 31. d5 Bc5 32. g4 Rb4 33. c4 b5 34. cxb5 axb5 35. h3 Re4 36. Rd1 Re2 37. a4 bxa4 38. bxa4 Ra2 39. Rc1 Bb6 40. Rb1 Rxa4 41. d6 Ra2 42. Rb3 Bc5 43. dxc7 Kxc7 44. Ne3 Kd6 45. Nf1 Kd5 46. Rf3 Ke4 47. Rf5 Ba7 48. Rxg5 Rf2 49. Rf5 Rxf5 1/2-1/2

[Event "Rotterdam Basamro 5th"]
[Site "Rotterdam"]
[Date "2017.09.24"]
[Round "2.1"]
[White "Nguyen, Lucas"]
[Black "Zhuravlev, Aleksandr"]
[Result "0-1"]
[WhiteElo "1983"]
[BlackElo "1879"]
[PlyCount "138"]
[EventDate "2017.09.23"]
[EventType "team-tourn"]
[EventRounds "3"]
[EventCountry "NED"]
[SourceTitle "CBM 180 Extra"]
[Source "ChessBase"]
[SourceDate "2017.10.06"]
[SourceVersion "1"]
[SourceVersionDate "2017.10.06"]
[SourceQuality "1"]
[WhiteTeam "Rotterdam"]
[BlackTeam "Murmansk Region"]
[WhiteTeamCountry "NED"]
[BlackTeamCountry "RUS"]

1. e4 e6 2. d4 d5 3. Nd2 dxe4 4. Nxe4 Nd7 5. Nf3 Ngf6 6. Bd3 Be7 7. 0-0 Nxe4 8. Bxe4 Nf6 9. Bd3 0-0 10. Bf4 b6 11. c3 Bb7 12. Re1 Rc8 13. Bc2 c5 14. Qe2 cxd4 15. Nxd4 Qd5 16. f3 Bc5 17. Be3 Qh5 18. Bb3 Nd5 19. Bd2 Rfd8 20. Rad1 Bxd4+ 21. cxd4 Nf6 22. Be3 Bd5 23. Qb5 Bxf3 24. Qxh5 Bxh5 25. Rd2 Ne4 26. Rc2 Rxc2 27. Bxc2 Nd6 28. Bd3 Bg6 29. Bxg6 hxg6 30. Rd1 Nf5 31. Bf2 Rc8 32. Be1 Rc2 33. Bc3 Ne3 34. Rd2 Rxd2 35. Bxd2 Nd5 36. Kf2 Kf8 37. Kf3 Ke7 38. h3 Kd6 39. Ke4 Nf6+ 40. Kd3 Kd5 41. a4 a6 42. b3 Nh5 43. g4 Nf6 44. Be1 Ne4 45. Ke3 b5 46. axb5 axb5 47. Kd3 Ng5 48. h4 Ne4 49. Ke3 Nf6 50. g5 Ne4 51. Kd3 Nd6 52. Bg3 Nf5 53. Bf2 f6 54. b4 Ne7 55. Be1 Nc6 56. Bc3 f5 57. Bd2 Nxd4 58. Ke3 e5 59. Bc3 Nc6 60. Kd3 f4 61. Be1 e4+ 62. Ke2 Kd4 63. Bf2+ e3 64. Be1 Ke4 65. Bc3 f3+ 66. Kf1 Nd4 67. Ke1 f2+ 68. Kf1 Kf3 69. Bxd4 e2# 0-1

[Event "Rotterdam Basamro 5th"]
[Site "Rotterdam"]
[Date "2017.09.24"]
[Round "3.1"]
[White "Zhuravlev, Aleksandr"]
[Black "Moracchini, Margaux"]
[Result "1-0"]
[WhiteElo "1879"]
[BlackElo "1715"]
[PlyCount "119"]
[EventDate "2017.09.23"]
[EventType "team-tourn"]
[EventRounds "3"]
[EventCountry "NED"]
[SourceTitle "CBM 180 Extra"]
[Source "ChessBase"]
[SourceDate "2017.10.06"]
[SourceVersion "1"]
[SourceVersionDate "2017.10.06"]
[SourceQuality "1"]
[WhiteTeam "Murmansk Region"]
[BlackTeam "Ile de France"]
[WhiteTeamCountry "RUS"]
[BlackTeamCountry "FRA"]

1. e4 c5 2. c4 g6 3. Ne2 Bg7 4. d4 cxd4 5. Nxd4 Nf6 6. Nc3 d6 7. Be2 0-0 8. 0-0 Qb6 9. Nb3 Be6 10. Be3 Qd8 11. Nd4 Nc6 12. Nxe6 fxe6 13. Qd2 Qd7 14. Rad1 Rfd8 15. f3 Rac8 16. Qc2 Ne5 17. Qb3 b6 18. f4 Nc6 19. Qb5 Na5 20. b3 Qxb5 21. Nxb5 Nc6 22. Bf3 Rd7 23. Rf2 Kf7 24. Rfd2 a6 25. Nd4 Ne8 26. Nxe6 Kxe6 27. Bg4+ Kf7 28. Bxd7 Rc7 29. Bxe8+ Kxe8 30. Bxb6 Rb7 31. Be3 Bc3 32. Rc2 Bg7 33. g3 Nb4 34. Re2 Nc6 35. Kg2 Kf7 36. Kf3 Ke6 37. g4 Rb8 38. h3 Rf8 39. Kg3 Kf7 40. Bc1 Nd4 41. Red2 Ne6 42. Rf2 Nc5 43. Re2 Ne6 44. Bb2 Bxb2 45. Rxb2 Kg7 46. Rf2 Nc5 47. Re2 Ne6 48. Rf1 Nd4 49. Rd2 Ne6 50. Rd5 Nc5 51. Re1 Ne6 52. f5 Nc7 53. Rd3 gxf5 54. exf5 Kf6 55. Rde3 Rf7 56. Kf4 h6 57. h4 d5 58. Re6+ Nxe6+ 59. Rxe6+ Kg7 60. cxd5 1-0

[Event "Murmansk Basamro U16 4th"]
[Site "Murmansk"]
[Date "2016.10.07"]
[Round "3.2"]
[White "Zhuravlev, Aleksandr"]
[Black "Rachid, Alexandre"]
[Result "1-0"]
[WhiteElo "1641"]
[BlackElo "1797"]
[PlyCount "147"]
[EventDate "2016.10.06"]
[EventType "team-tourn"]
[EventRounds "5"]
[EventCountry "RUS"]
[SourceTitle "EXT 2017"]
[Source "ChessBase"]
[SourceDate "2016.10.25"]
[SourceVersion "1"]
[SourceVersionDate "2016.10.25"]
[SourceQuality "1"]
[WhiteTeam "Murmansk Region"]
[BlackTeam "Paris"]
[WhiteTeamCountry "RUS"]
[BlackTeamCountry "FRA"]

1. Nf3 Nf6 2. d4 e6 3. g3 d5 4. Bg2 Nbd7 5. 0-0 Bd6 6. c4 dxc4 7. Nfd2 Nb6 8. Nxc4 Nxc4 9. Qa4+ c6 10. Qxc4 0-0 11. Nc3 e5 12. d5 cxd5 13. Nxd5 Nxd5 14. Qxd5 Qe7 15. Rd1 Bc5 16. Bd2 Rd8 17. Qb3 Rb8 18. Be3 Be6 19. Qc3 Bd6 20. Bxa7 Rbc8 21. Qe3 f5 22. Bb6 Rf8 23. Bd5 f4 24. Qb3 Rf6 25. Bxe6+ Rxe6 26. Rac1 Rf8 27. Qd5 Kh8 28. Bc5 Bxc5 29. Rxc5 fxg3 30. hxg3 Qf6 31. Qf3 Qe7 32. Rc7 Qe8 33. Qg4 Rg6 34. Qd7 Qa8 35. a3 Qa7 36. Qf7 Rxg3+ 37. Kh2 Qa8 38. Kxg3 Rxf7 39. Rxf7 Qe8 40. Rdd7 e4 41. Rxb7 Qe5+ 42. Kg4 h5+ 43. Kh4 Qh2+ 44. Kg5 Qe5+ 45. Kg6 Qe6+ 46. Kxh5 Qh3+ 47. Kg5 Qg2+ 48. Kf5 Qxf2+ 49. Kxe4 Qxe2+ 50. Kd5 Qd3+ 51. Kc5 Qc2+ 52. Kd6 Qd3+ 53. Kc7 Qg3+ 54. Kc8 Qg4+ 55. Kb8 Qd4 56. Rfd7 Qf4+ 57. Ka7 Qa4+ 58. Kb6 Qb3+ 59. Ka5 Qe3 60. Rb5 Qe1+ 61. b4 Qc3 62. a4 Qc8 63. Rdb7 Qa8+ 64. Kb6 Qxa4 65. Rh5+ Kg8 66. b5 Qd4+ 67. Rc5 Qd8+ 68. Ka7 Qd4 69. Rbc7 Qa4+ 70. Kb7 Qe4+ 71. R5c6 g5 72. Kb8 g4 73. Rd6 Qb4 74. Rd8+ 1-0

[Event "Kimry Summer op2"]
[Site "Kimry"]
[Date "2015.08.26"]
[Round "1"]
[White "Kobozeva, Viktoria"]
[Black "Zhuravlev, Aleksandr"]
[Result "1-0"]
[WhiteElo "2113"]
[BlackElo "1585"]
[PlyCount "69"]
[EventDate "2015.08.26"]
[EventType "swiss"]
[EventRounds "7"]
[EventCountry "RUS"]
[SourceTitle "EXT 2016"]
[Source "ChessBase"]
[SourceDate "2015.10.08"]
[SourceVersion "1"]
[SourceVersionDate "2015.10.08"]
[SourceQuality "1"]

1. e4 c5 2. Nf3 d6 3. d4 cxd4 4. Nxd4 Nf6 5. Nc3 a6 6. Be2 Nc6 7. Be3 e6 8. a4 Qb6 9. Nb3 Qb4 10. f3 Be7 11. a5 d5 12. exd5 Nxd5 13. Bd2 Qd6 14. Ne4 Qc7 15. 0-0 b6 16. Kh1 b5 17. f4 0-0 18. c3 Bd6 19. Nxd6 Qxd6 20. Be3 Rd8 21. Bc5 Qd7 22. Qe1 Nf6 23. Bf3 Bb7 24. Bb6 Nd5 25. Bxd8 Rxd8 26. Nc5 Qc7 27. Nxb7 Qxb7 28. f5 exf5 29. Bxd5 g6 30. Rd1 Qc8 31. h4 Ne7 32. Bb3 Kg7 33. Qe5+ Kf8 34. Qf6 Re8 35. Qxf7# 1-0

[Event "Kimry Summer op2"]
[Site "Kimry"]
[Date "2015.08.26"]
[Round "2"]
[White "Zhuravlev, Aleksandr"]
[Black "Burov, Vyacheslav"]
[Result "1-0"]
[WhiteElo "1585"]
[BlackElo "1177"]
[PlyCount "57"]
[EventDate "2015.08.26"]
[EventType "swiss"]
[EventRounds "7"]
[EventCountry "RUS"]
[SourceTitle "EXT 2016"]
[Source "ChessBase"]
[SourceDate "2015.10.08"]
[SourceVersion "1"]
[SourceVersionDate "2015.10.08"]
[SourceQuality "1"]

1. e4 e5 2. Nf3 Nc6 3. d4 Nxd4 4. Nxd4 exd4 5. Qxd4 b6 6. Nc3 Bb7 7. Be3 Bc5 8. Qd3 Qe7 9. Be2 Bxe3 10. Qxe3 f5 11. f3 Nf6 12. Bd3 d5 13. e5 Nd7 14. f4 c5 15. Qg3 g6 16. Nb5 Rc8 17. Nd6+ Kd8 18. Nxc8 Kxc8 19. 0-0-0 c4 20. Be2 Qb4 21. Qc3 Qe7 22. Bf3 Qe6 23. Qd4 Re8 24. Bxd5 Bxd5 25. Qxd5 Qe7 26. Qc6+ Kd8 27. Rd6 Rf8 28. Qa8+ Kc7 29. Rc6# 1-0